000 00319nam a2200133Ia 4500
008 231129s1971||||xx |||||||||||||| ||spa||
040 _bspa
082 _a575.0162 B259u
100 _aBarnett S.A.
245 0 _aUn siglo después de Darwin : la evolución
260 _c1971
264 _aAlianza
942 _2ddc
_cBKS
999 _c25905
_d25905